Κατάλογος Βιβλιοθηκών Mediterranean College

Information Systems Concepts for Management / Second Edition (Record no. 1053)

MARC details
000 -LEADER
fixed length control field 02320cam a22002174a 4500
005 - ΗΜΕΡΟΜΗΝΙΑ ΚΑΙ ΩΡΑ ΤΕΛΕΥΤΑΙΑΣ ΕΝΗΜΕΡΩΣΗΣ
Πεδίο ελέγχου 20250605163956.0
008 - FIXED-LENGTH DATA ELEMENTS--GENERAL INFORMATION
Πεδίο ελέγχου σταθερού μήκους 250528s ||||||||||||||||||||||||d
035 ## - SYSTEM CONTROL NUMBER
System control number 15474
020 ## - ISBN
ISBN 70389241
040 ## - ΠΗΓΗ ΚΑΤΑΛΟΓΟΓΡΑΦΗΣΗΣ
Φορέας πρωτότυπης καταλογογράφησης MC Athens Campus Library
Γλώσσα καταλογογράφησης Ελληνικά, Μοντέρνα (1453-)
Modifying agency MC Athens Campus Library
Κανόνες περιγραφικής καταλογογράφησης AACR2
245 1# - ΤΙΤΛΟΣ ΚΑΙ ΔΗΛΩΣΗ ΥΠΕΥΘΥΝΟΤΗΤΑΣ
Τίτλος Information Systems Concepts for Management / Second Edition
250 ## - EDITION STATEMENT
Edition statement 2nd
260 ## - PUBLICATION, DISTRIBUTION, ETC.
Name of publisher, distributor, etc. Mcgraw Hill International Book Company,
Date of publication, distribution, etc. 1982
300 ## - PHYSICAL DESCRIPTION
Extent 516
505 0# - FORMATTED CONTENTS NOTE
Formatted contents note Preface, Acknowledgements, Managers and Information, The Information Systems Field, The Nature of Information and Decision Making, Frameworks for Information Systems, An Overview of Computer-Based Information Systems, Organizational Issues, The Impact of Information Systems on the Organization, Top Management and Information Systems, Computer Technology, Fundamentals of Computer Equipment, Computer Software, Computer Files and Data Structures and Data Bases, Future Trends, System Alternatives and Acquisition, Systems Analysis and Design, Introduction and Overview, Inception Through Specifications, Programming Through Installation, Project Management, Successful Implementation, Examples of Information Systems, General Information Systems, Decision Support Systems, Special Management Concerns, Information System Issues for Management, Societal Implications, Glossary, Index.
520 ## - SUMMARY, ETC.
Summary, etc. Preface, Acknowledgements, Managers and Information, The Information Systems Field, The Nature of Information and Decision Making, Frameworks for Information Systems, An Overview of Computer-Based Information Systems, Organizational Issues, The Impact of Information Systems on the Organization, Top Management and Information Systems, Computer Technology, Fundamentals of Computer Equipment, Computer Software, Computer Files and Data Structures and Data Bases, Future Trends, System Alternatives and Acquisition, Systems Analysis and Design, Introduction and Overview, Inception Through Specifications, Programming Through Installation, Project Management, Successful Implementation, Examples of Information Systems, General Information Systems, Decision Support Systems, Special Management Concerns, Information System Issues for Management, Societal Implications, Glossary, Index.
700 1# - ΠΡΟΣΘΕΤΗ ΑΝΑΓΡΑΦΗ--ΦΥΣΙΚΟ ΠΡΟΣΩΠΟ
Personal name Lucas C. Henry Jr
9 (RLIN) 1405
942 ## - ADDED ENTRY ELEMENTS (KOHA)
Koha item type Books
Holdings
Τύπος τεκμηρίου Βιβλιοθήκη Τρέχουσα τοποθεσία Barcode Αριθμός εισαγωγής Ημερομηνία απόκτησης Ταξιθετικό σύμβολο Αριθμός αντιτύπου Κατάσταση απόσυρσης Κατάσταση χαμένου Κατάσταση κατεστραμμένου Μη δανεισμός Σύνολο δανεισμών Ημερομηνία τελευταίας εμφάνισης Η τιμή ισχύει από
Books MC Athens Campus Library MC Athens Campus Library 9780000010520 1819 05/06/2025 658.4/0388 LUC 1           05/06/2025 05/06/2025

MC Athens Campus Library
Πατησίων 94 & Κοδριγκτώνος 13, 104 34
Πελλήνης 8 & Πατησίων 107, 112 51
Τ: +30 210 8899600

MC Thessaloniki Campus Library
Ίωνος Δραγούμη 21, 54625 | Ίωνος Δραγούμη 15, 54625
Τ: +30 2310 287779 – Τ: +30 2314 440300